Progressividade do IPTU

Detalles Bibliográficos
Autor principal: Paes Barbosa, Evandro
Formato: Libro
Lenguaje:portugués
Publicado: Brasil Pillares 2007
Materias:
Acceso en línea:Acceso restringido

MARC

LEADER 00000nam a22000007a 4500
005 20160418154343.0
007 cr|||| ||u|
008 160418s2007 bl ||||| |||| 00||0 por d
020 |a 978-85-89919-47-0 
035 |a 14130 
040 |a vLex  
090 |c 6001  |d 6001 
100 1 |a Paes Barbosa, Evandro 
245 1 0 |a Progressividade do IPTU  |h [Recurso electrn̤ico]/  |c Evandro Paes Barbosa 
256 |a Servicio en ln̕ea  
260 |a Brasil   |b Pillares  |c 2007 
300 |a 1 recurso electrn̤ico  
506 1 |a Contenido solo disponible en los productos indicados   |d vLex Global  |d vLex Global (Academic Edition, excluding Law Schools)  |d vLex Global (U.S. Academic Edition, Law Schools)  |d vLex Global (U.S. Academic Edition, excluding Law Schools)  |d vLex Global (Academic Edition, Law Schools) 
650 0 4 |a Derecho  |z Brasil  
740 0 |a vLex libros (servicio en ln̕ea)  
856 4 0 |u http://vlex.com/source/progressividade-iptu-14130  |z Acceso restringido  
942 0 |c BOOK 
999 0 |a Law   |b Brasil